Sports Quiz

Random Sports Quiz

North Melbourne Top 5 Goalkickers 2000-2014 Quiz Stats

 Plays Quiz not verified by Sporcle

Challenge
Share
Tweet
Embed
Score 0/79 Timer 10:00
0 Plays Today
Player Name % Correct
Drew Petrie
98.8%
Brent Harvey
98.2%
Drew Petrie
97.6%
Drew Petrie
97.6%
Drew Petrie
97.6%
Drew Petrie
97.6%
Drew Petrie
97.6%
Drew Petrie
97.6%
Wayne Carey
96.8%
Brent Harvey
96.8%
Wayne Carey
96.8%
Brent Harvey
96.8%
Brent Harvey
96.8%
Brent Harvey
96.8%
Brent Harvey
96.8%
Brent Harvey
96.8%
Brent Harvey
96.8%
Brent Harvey
96.8%
Brent Harvey
96.8%
Lindsay Thomas
95.7%
Lindsay Thomas
95.7%
Lindsay Thomas
95.7%
Lindsay Thomas
95.7%
Lindsay Thomas
95.7%
Lindsay Thomas
95.7%
Lindsay Thomas
93.9%
Nathan Thompson
82%
Nathan Thompson
82%
Nathan Thompson
82%
Daniel Wells
80.6%
Ben Brown
80.5%
Jack Ziebell
77.4%
Aaron Black
76.9%
Saverio Rocca
76.6%
Saverio Rocca
76.6%
Saverio Rocca
76.6%
Saverio Rocca
76.6%
Saverio Rocca
76.6%
Jack Ziebell
76.2%
Shannon Grant
73.9%
Player Name % Correct
Shannon Grant
73.9%
Shannon Grant
73.9%
Shannon Grant
73.9%
Shannon Grant
73.9%
Shannon Grant
73.9%
Shannon Grant
73.9%
Corey Jones
72.6%
Corey Jones
72.6%
Corey Jones
72.6%
Corey Jones
72.6%
Corey Jones
72.6%
Corey Jones
72.6%
Corey McKernan
69.4%
Corey McKernan
69.4%
Aaron Black
67.7%
Matt Campbell
64.5%
Robbie Tarrant
64%
Andrew Swallow
63.7%
Lachlan Hansen
63.2%
David Hale
60.2%
David Hale
60.2%
Leigh Harding
58.3%
Leigh Harding
58.3%
Leigh Harding
58.3%
Aaron Edwards
58.3%
Leigh Harding
58.3%
Aaron Edwards
58.3%
Aaron Edwards
58.3%
David King
53.2%
David King
53.2%
Ryan Bastinac
50.3%
Winston Abraham
47%
Byron Pickett
46%
Byron Pickett
46%
Daniel Motlop
44.6%
Kieran Harper
35.8%
Digby Morrell
32.3%
Sam Wright
32%
Cameron Pedersen
17.2%

You're not logged in!

Compare scores with friends on all Sporcle quizzes.
Join for Free
OR
Log In

You Might Also Like...

Show Comments

Extras

Top Quizzes Today


Score Distribution

Your Account Isn't Verified!

In order to create a playlist on Sporcle, you need to verify the email address you used during registration. Go to your Sporcle Settings to finish the process.

Report this User

Report this user for behavior that violates our Community Guidelines.

Details: